000 00927nam a22002417a 4500
999 _c17161
_d17161
003 AR-CdUCM
008 190507b ||||| |||| 00| 0 spa d
040 _aMUNICIPALIDAD PROVINCIAL DEL CUSCO
_cBIBLIOTECA MUNICIPAL DEL CUSCO
041 _heng
082 _23ed.
_a895.36 /
_bR24
100 _aRampa, Lobsang
_9364
245 _aEl Cordón de plata :
_bEl tercer ojo /
260 _aBuenos Aires :
_bTroquel,
_c1961.
300 _a256 páginas ;
_c20 cm.
505 _aContenido: Los dentados picos del Himalaya -- En las postrimerías del siglo -- El camino era polvoriento y lleno de pozos -- Tres soldados -- El automóvil continuó zumbando ...
650 _aNovelas tibetanas
_937019
650 _aSiglo XX
_98
650 _aLiteratura
_983
700 _aRamírez de Burejson, Aurelia (traducción)
_937020
700 _aBaldessari, Silvio (ilustración)
_937021
942 _2ddc
_cLIBROS
945 _aachl
_d2019-05-07